Normale Ansicht MARC-Ansicht ISBD

Findbuch zum Bestand StAFF 1-200, Gewandschneider- und Kaufmannsgilde Frankfurt (Oder) / (Titelsatznr. 371891)

[ MARC ]
MARC-Details
000 -Satzkennung
Kontrollfeld mit fester Länge 00491nam a2200157 4500
008 - Feld mit fester Länge zur physischen Beschreibung - Allgemeine Angaben
Kontrollfeld mit fester Länge 220930b ||||| |||| 00| 0 eng d
040 ## - Katalogisierungsquelle
Original-Katalogisierungsstelle DE-2950
Übertragungsstelle DE-2950
041 ## - Sprachcode
Sprachcode des Textes/der Tonspur oder des separaten Titels ger
245 ## - Titel
Titel Findbuch zum Bestand StAFF 1-200, Gewandschneider- und Kaufmannsgilde Frankfurt (Oder) /
Verfasserangabe etc. erarbeitet von Denny Becker
260 ## - Publikation, Vertrieb usw. (Erscheinungsvermerk)
Erscheinungsort, Vertriebsort etc. Frankfurt (Oder)
Date of publication, distribution, etc [2021]
300 ## - Physische Beschreibung
Umfang ca. 200 Seiten
653 ## - Indexierungsterm - Nicht normiert
Nicht-normierter Term Frankfurt (Oder)
653 ## - Indexierungsterm - Nicht normiert
Nicht-normierter Term Gewandschneidergilde
653 ## - Indexierungsterm - Nicht normiert
Nicht-normierter Term Kaufmannsgilde
942 ## - Zusätzliche Felder (Koha)
Klassifikation oder Aufstellungssystematik Andere/Generische Klassifikation
Koha-Medientyp Bücher
Exemplare
Ausgeschieden Verloren Klassifikation oder Aufstellungssystematik Beschädigt Nicht entleihbar Permanenter Standort Aktueller Standort Aufstellungsort Erwerbungsdatum Lieferant Kodierter Standort-Qualifier Anzahl Ausleihen Signatur Letzte Aktivität Exemplarnummer Preis gültig von Medientyp
    Andere/Generische Klassifikation     Stadtarchiv Frankfurt (Oder) | Archivbibliothek Stadtarchiv Frankfurt (Oder) | Archivbibliothek Lesesaal 30/09/2022 Buchbinder L   Ls: BÜ82 ; IV: 1575 30/09/2022 99/2022 30/09/2022 Bücher